三峡库区的县级行政区 Three Gorges Reservoir - Statistics

General Stats
  • This quiz has been taken 31 times
  • The average score is 24 of 30
Answers on the Map
Answers color-coded by a green-red scale on the quiz's map according to % correct below.
 
Answer Stats
% Correct
万州区
96%
涪陵区
96%
渝中区
96%
渝北区
96%
江北区
93%
忠县
93%
云阳县
93%
巫山县
93%
大渡口区
89%
开州区
89%
奉节县
89%
巫溪县
89%
巴东县
85%
南岸区
81%
巴南区
81%
丰都县
81%
夷陵区
81%
秭归县
81%
沙坪坝区
78%
九龙坡区
78%
北碚区
78%
江津区
74%
石柱土家族自治县
74%
长寿区
70%
伍家岗区
70%
武隆区
63%
西陵区
63%
猇亭区
63%
点军区
52%
兴山县
48%
No matching quizzes found
Score Distribution
Percent of People with Each Score
Percentile by Number Answered
Your Score History
You have not taken this quiz